| 000 | 00000cam 2200000zi 4500 |
| 001 | 9.957402 |
| 003 | CaOODSP |
| 005 | 20260603095451 |
| 006 | m o d f |
| 007 | cr cn |||||||| |
| 008 | 251118t20252025oncao ob f000 0 fre d |
| 020 | |a9780660797779 |
| 040 | |aCaOODSP|bfre|erda|cCaOODSP |
| 043 | |an-cn--- |
| 086 | 1 |aT94-107/2025F-PDF |
| 245 | 00|aNous sommes des êtres humains. Nous sommes dignes d'un endroit où vivre. C'est aussi simple que cela : |brapport final et recommandations de la Commission d'examen Neha. |
| 246 | 10|aRapport final et recommandations de la Commission d'examen Neha |
| 264 | 1|aOttawa (Ontario) : |bLogement, infrastructures et communautés Canada, |c2025. |
| 264 | 4|c©2025 |
| 300 | |a1 ressource en ligne (vi, 72 pages) : |billustrations, photographies |
| 336 | |atexte|btxt|2rdacontent/fre |
| 337 | |ainformatique|bc|2rdamedia/fre |
| 338 | |aressource en ligne|bcr|2rdacarrier/fre |
| 500 | |aTitre de la couverture. |
| 500 | |aPublié aussi en anglais sous le titre : We are human. We deserve a place to live. It’s that simple : final report and recommendations of the Neha Review Panel. |
| 504 | |aComprend des références bibliographiques (pages 70-72). |
| 520 | |a« La commission d'examen Neha a été créée afin d'examiner le droit à un logement sûr, suffisant et abordable pour les femmes, les personnes bispirituelles, transgenres et issues de la diversité de genre, ainsi que le devoir du gouvernement de faire respecter ce droit. Après avoir entendu plus de 500 détenteurs/détentrices de droits et organisations communautaires et examiné les observations présentées par les institutions fédérales, Neha conclut que le Canada ne remplit pas toutes les conditions requises pour réaliser le droit au logement d'une manière inclusive, sensible au genre et conforme à ses obligations en matière de droits de la personne. Les conséquences pour les femmes, les personnes bispirituelles, transgenres et issues de la diversité de genre sont profondes et incompatibles avec les engagements du Canada en matière de droits de la personne » -- Sommaire, page 2. |
| 650 | 6|aLogement|xPolitique gouvernementale|zCanada|xParticipation des citoyens. |
| 650 | 6|aFemmes|xLogement|xServices|zCanada. |
| 650 | 6|aPersonnes bispirituelles|xLogement|xServices|zCanada. |
| 650 | 6|aTransgenres|xLogement|xServices|zCanada. |
| 650 | 6|aDroit au logement|zCanada. |
| 710 | 1 |aCanada. |bLogement, infrastructures et collectivités Canada, |eorganisme de publication. |
| 775 | 08|tWe are human. We deserve a place to live. It’s that simple : |w(CaOODSP)9.957401 |
| 856 | 40|qPDF|s6.25 Mo|uhttps://publications.gc.ca/collections/collection_2026/licc-hicc/T94-107-2025-fra.pdf |